[Event "1. OEsterreichische Internet Schach Meisterschaft - Vorrunde 1"]
[Site "Online - Playchess.com"]
[Date ""]
[Round "4"]
[Board "68"]
[White "Hofer, Martin"]
[Black "Pernerstorfer, Markus"]
[Result "0-1"]
[WhiteElo "1603"]
[BlackElo "1582"]
[PlyCount "86"]
[EventDate "2020.04.11"]
[EventRounds "9"]
[EventCountry "AUT"]

1. e4 e5 2. Nf3 Nc6 3. d4 exd4 4. Bc4 Nf6 5. O-O Nxe4 6. Re1 d5 7. Bxd5 Qxd5 8.
Nc3 Qa5 9. Nxe4 Be6 10. Bd2 Qh5 11. Ng3 Qg6 12. Bf4 O-O-O 13. Ne5 Nxe5 14. Bxe5
Bg4 15. f3 Bf5 16. Rc1 Bc5 17. Kh1 f6 18. Bf4 h5 19. Nxf5 Qxf5 20. Re4 g5 21.
Bg3 g4 22. Rf4 Qe6 23. Bf2 f5 24. Qd3 Rhf8 25. Bxd4 Bxd4 26. Rxd4 Rxd4 27. Qxd4
gxf3 28. gxf3 Qe2 29. Qd5 f4 30. Qe4 Qf2 31. Rg1 Kb8 32. b3 a6 33. a3 Qd2 34.
h3 Qd6 35. Kh2 Qxa3 36. Rg5 Qc1 37. Rxh5 Qd2+ 38. Kg1 Rg8+ 39. Kf1 Qd1+ 40. Kf2
Rd8 41. Qe1 Rd2+ 42. Kf1 Qxf3+ 43. Kg1 Qg2#  0-1

[Event "1. OEsterreichische Internet Schach Meisterschaft - Vorrunde 1"]
[Site "Online - Playchess.com"]
[Date ""]
[Round "4"]
[Board "70"]
[White "Kwech, Martin"]
[Black "Gugler, Giorgio"]
[Result "1/2-1/2"]
[WhiteElo "1105"]
[BlackElo "1405"]
[PlyCount "76"]
[EventDate "2020.04.11"]
[EventRounds "9"]
[EventCountry "AUT"]

1. e4 c5 2. Nf3 Nc6 3. Bb5 e6 4. Bxc6 bxc6 5. d4 a5 6. O-O Ba6 7. Re1 Qb6 8.
Nc3 Nf6 9. e5 Nd5 10. Nxd5 cxd5 11. b3 Be7 12. Bb2 c4 13. Qd2 cxb3 14. axb3 Bb4
15. Bc3 O-O 16. Bxb4 Qxb4 17. Qxb4 axb4 18. Nd2 Rfd8 19. Rec1 d6 20. exd6 Rxd6
21. c4 dxc4 22. Nxc4 Rxd4 23. Kf1 f6 24. Ke1 Re4+ 25. Kf1 Rd4 26. Ke1 h6 27.
Ra2 Kh7 28. Rd2 Re4+ 29. Kd1 Bxc4 30. Rxc4 Ra1+ 31. Kc2 Ra2+ 32. Kd1 Rxd2+ 33.
Kxd2 Re5 34. Kd3 Rd5+ 35. Kc2 Rb5 36. Kd3 Rd5+ 37. Kc2 Rb5 38. Kd3 Rd5+  1/2-1/2

[Event "1. OEsterreichische Internet Schach Meisterschaft - Vorrunde 1"]
[Site "Online - Playchess.com"]
[Date ""]
[Round "4"]
[Board "71"]
[White "Kozissnik, Christian"]
[Black "Pirker, Christian"]
[Result "0-1"]
[WhiteElo "2023"]
[BlackElo "2167"]
[PlyCount "102"]
[EventDate "2020.04.11"]
[EventRounds "9"]
[EventCountry "AUT"]

1. d4 d5 2. Nf3 e6 3. g3 Nf6 4. Bg2 Be7 5. O-O O-O 6. b3 b6 7. Bb2 Bb7 8. Nbd2
Nbd7 9. c4 dxc4 10. bxc4 c5 11. e3 Qc7 12. Qc2 Rac8 13. Rac1 Rfd8 14. Ba3 Bf8
15. Rfd1 cxd4 16. Bxf8 dxe3 17. fxe3 Nxf8 18. Qb2 N8d7 19. Nb3 Nc5 20. Nxc5
Qxc5 21. Nd4 Bxg2 22. Qf2 Bb7 23. h3 Qe5 24. Rf1 Qe4 25. Kh2 Rc5 26. Nf3 Qxf3
27. Qxf3 Bxf3 28. Rxf3 b5 29. Rf2 Rxc4 30. Rb1 b4 31. Kg2 Kf8 32. Kf3 Ke7 33.
Rfb2 a5 34. g4 g5 35. h4 gxh4 36. g5 Nd5 37. e4 Nc3 38. Rh1 Rd3+ 39. Kg4 Rxe4+
40. Kh5 a4 41. Rf2 Re2 42. Rf4 b3 43. axb3 axb3 44. Rhf1 b2 45. Rxf7+ Kd6 46.
Rxh7 b1=Q 47. Rxb1 Nxb1 48. g6 Rg3 49. g7 Reg2 50. Kxh4 Rxg7 51. Rxg7 Rxg7  0-1

[Event "1. OEsterreichische Internet Schach Meisterschaft - Vorrunde 1"]
[Site "Online - Playchess.com"]
[Date ""]
[Round "4"]
[Board "72"]
[White "Kaltenbeck, Dieter"]
[Black "Meglitsch, Konstantin"]
[Result "0-1"]
[WhiteElo "1314"]
[BlackElo "2041"]
[PlyCount "56"]
[EventDate "2020.04.11"]
[EventRounds "9"]
[EventCountry "AUT"]

1. a3 Nf6 2. c3 g6 3. d4 Bg7 4. Nf3 d6 5. g3 O-O 6. Bg2 c5 7. O-O Nc6 8. dxc5
dxc5 9. Qd2 Bf5 10. Rd1 Qc7 11. e3 Rad8 12. Qe2 Rxd1+ 13. Qxd1 Rd8 14. Qe2 Bd3
15. Qe1 b6 16. Nbd2 h5 17. b4 cxb4 18. axb4 Ne4 19. Nxe4 Bxe4 20. Nd4 Bxg2 21.
Kxg2 Ne5 22. f4 Qb7+ 23. Kf2 Ng4+ 24. Kg1 e5 25. Nb5 a6 26. Na3 exf4 27. gxf4
Qf3 28. Qg3 Rd1+ {Dk2020 gibt auf}  0-1

[Event "1. OEsterreichische Internet Schach Meisterschaft - Vorrunde 1"]
[Site "Online - Playchess.com"]
[Date ""]
[Round "4"]
[Board "73"]
[White "Thummer, Philipp"]
[Black "Morgunov, Marc"]
[Result "0-1"]
[WhiteElo "1207"]
[BlackElo "2341"]
[PlyCount "94"]
[EventDate "2020.04.11"]
[EventRounds "9"]
[EventCountry "AUT"]

1. e4 c5 2. g3 g6 3. Bg2 Bg7 4. Ne2 Nc6 5. c3 e5 6. d3 Nge7 7. f4 O-O 8. O-O d5
9. Nd2 dxe4 10. Nxe4 Nd5 11. Nxc5 Qb6 12. d4 exd4 13. Bxd5 Qxc5 14. Bxc6 dxc3+
15. Rf2 Qxc6 16. bxc3 Bg4 17. Bd2 Rad8 18. Qe1 Rfe8 19. h3 Bxh3 20. Rc1 Bg4 21.
Qf1 Rxd2 22. Nd4 Rxd4 23. cxd4 Qd5 24. Rd1 Bxd4 25. Rxd4 Qxd4 26. Kg2 Qd5+ 27.
Kh2 Qh5+ 28. Kg1 Re2 29. Rxe2 Bxe2 30. Qf2 Bf3 31. Qh2 Qxh2+ 32. Kxh2 f5 33. a3
Kf7 34. Kg1 Ke6 35. Kf2 Be4 36. Ke3 Kd5 37. Kd2 b5 38. Kc3 a5 39. Kb3 Kd4 40.
Kb2 Bd5 41. Kc2 b4 42. axb4 axb4 43. Kd2 b3 44. Kc1 Kc3 45. Kb1 b2 46. g4 Kb3
47. gxf5 Be4#  0-1

[Event "1. OEsterreichische Internet Schach Meisterschaft - Vorrunde 1"]
[Site "Online - Playchess.com"]
[Date ""]
[Round "4"]
[Board "74"]
[White "Schroll, Gerhard"]
[Black "Ticar, Clemens"]
[Result "1-0"]
[WhiteElo "2321"]
[BlackElo "1753"]
[PlyCount "57"]
[EventDate "2020.04.11"]
[EventRounds "9"]
[EventCountry "AUT"]

1. e4 d6 2. d4 Nf6 3. Nc3 e5 4. Nf3 Nbd7 5. Bc4 Be7 6. O-O O-O 7. h3 c6 8. a4
a6 9. Re1 Nb6 10. Ba2 exd4 11. Nxd4 d5 12. e5 Ne8 13. f4 f6 14. e6 Bc5 15. Be3
Qe7 16. Kh1 Nd6 17. Nxc6 bxc6 18. Bxc5 Bxe6 19. f5 Ne4 20. Nxe4 Qa7 21. fxe6
dxe4 22. Bxf8 Kxf8 23. Rxe4 Nd5 24. Bxd5 cxd5 25. Qxd5 Qe7 26. Rd1 Rb8 27. Qh5
Rxb2 28. Qxh7 Rb1 29. Qh8#  1-0

[Event "1. OEsterreichische Internet Schach Meisterschaft - Vorrunde 1"]
[Site "Online - Playchess.com"]
[Date ""]
[Round "4"]
[Board "75"]
[White "Reyhani, Adel"]
[Black "Putz, Georg"]
[Result "1/2-1/2"]
[WhiteElo "1918"]
[BlackElo "2071"]
[PlyCount "123"]
[EventDate "2020.04.11"]
[EventRounds "9"]
[EventCountry "AUT"]

1. e4 c5 2. Nf3 d5 3. exd5 Qxd5 4. d4 cxd4 5. Qxd4 Qxd4 6. Nxd4 a6 7. Nc3 Nf6
8. g3 e6 9. Bg2 Bc5 10. Nb3 Bb6 11. O-O O-O 12. Bg5 Nc6 13. a3 h6 14. Bxf6 gxf6
15. Na4 Bc7 16. Nac5 a5 17. a4 Rb8 18. c3 Ne5 19. Rfd1 b6 20. Ne4 Kg7 21. Nd4
Bb7 22. Nb5 Bxe4 23. Bxe4 Rfc8 24. f4 Nc4 25. Rd7 f5 26. Bf3 Bd8 27. b3 Ne3 28.
Re1 Ng4 29. Rxe6 Bf6 30. Rc6 Rxc6 31. Bxc6 Rc8 32. Bd5 Bxc3 33. Bxf7 Kf6 34.
Bc4 Bb4 35. Nd4 Bc5 36. Kg2 Ne3+ 37. Kf3 Nxc4 38. bxc4 Bxd4 39. Rxd4 Ke6 40.
Ke3 h5 41. Kd3 Rh8 42. Rd5 h4 43. Re5+ Kf6 44. Rb5 hxg3 45. hxg3 Rh3 46. Rxb6+
Ke7 47. Kd4 Rxg3 48. Ke5 Rc3 49. Kxf5 Rxc4 50. Rb7+ Kd6 51. Rb6+ Kc7 52. Re6
Rxa4 53. Ra6 Ra1 54. Kf6 a4 55. f5 a3 56. Kf7 a2 57. f6 Kb7 58. Ra3 Kb6 59. Kf8
Rf1 60. Rxa2 Rxf6+ 61. Ke7 Rf3 62. Re2  1/2-1/2

[Event "1. OEsterreichische Internet Schach Meisterschaft - Vorrunde 1"]
[Site "Online - Playchess.com"]
[Date ""]
[Round "4"]
[Board "76"]
[White "Stolzlechner, Thomas"]
[Black "Schein, Leopold"]
[Result "1-0"]
[WhiteElo "2037"]
[BlackElo "1584"]
[PlyCount "35"]
[EventDate "2020.04.11"]
[EventRounds "9"]
[EventCountry "AUT"]

1. e4 c5 2. c3 Nf6 3. e5 Nd5 4. Nf3 Nc6 5. d4 cxd4 6. cxd4 g6 7. Bc4 Nb6 8. Bb3
Bg7 9. O-O O-O 10. Re1 e6 11. Nc3 d6 12. Bg5 Qc7 13. Nb5 Qd7 14. Nxd6 Nd5 15.
Ne4 b6 16. Rc1 Bb7 17. Bxd5 Qxd5 18. Nf6+ {Leoschein gibt auf}  1-0

[Event "1. OEsterreichische Internet Schach Meisterschaft - Vorrunde 1"]
[Site "Online - Playchess.com"]
[Date ""]
[Round "4"]
[Board "77"]
[White "Zechner, Andrea"]
[Black "Virag, Herbert"]
[Result "0-1"]
[WhiteElo "1862"]
[BlackElo "1772"]
[PlyCount "48"]
[EventDate "2020.04.11"]
[EventRounds "9"]
[EventCountry "AUT"]

1. d4 d5 2. c4 Nc6 3. cxd5 Qxd5 4. e3 e5 5. Nc3 Bb4 6. a3 Bxc3+ 7. bxc3 Qd6 8.
Bd3 Nf6 9. a4 Bg4 10. Qb3 O-O-O 11. Rb1 b6 12. Ba6+ Kb8 13. Ba3 Qe6 14. Qb2
exd4 15. cxd4 Nxd4 16. Kf1 Bf5 17. Rc1 Nb3 18. Bc4 Nd2+ 19. Qxd2 Rxd2 20. Bxe6
Bxe6 21. Nf3 Ra2 22. Rc3 Rd8 23. Nd4 Ne4 24. Nxe6 fxe6 {Zeit}  0-1

[Event "1. OEsterreichische Internet Schach Meisterschaft - Vorrunde 1"]
[Site "Online - Playchess.com"]
[Date ""]
[Round "4"]
[Board "78"]
[White "Lohr, Thomas"]
[Black "Schein, Alexander"]
[Result "0-1"]
[WhiteElo "1203"]
[BlackElo "1631"]
[PlyCount "84"]
[EventDate "2020.04.11"]
[EventRounds "9"]
[EventCountry "AUT"]

1. e4 d5 2. exd5 Nf6 3. Nc3 Nxd5 4. Bc4 Nxc3 5. dxc3 Qxd1+ 6. Kxd1 e5 7. Nf3
Bg4 8. Re1 Bxf3+ 9. gxf3 Nc6 10. f4 O-O-O+ 11. Bd2 f6 12. fxe5 Nxe5 13. Be6+
Kb8 14. Ke2 Bc5 15. Be3 Bxe3 16. fxe3 Rhe8 17. Bf7 Re7 18. Bh5 Nc4 19. b3 Rxe3+
20. Kf1 Nd2+ 21. Kf2 Rxe1 22. Kxe1 Ne4 23. Rd1 Rxd1+ 24. Kxd1 Nxc3+ 25. Kd2 Nd5
26. Bf7 Nf4 27. Bg8 h6 28. Be6 c5 29. Bc4 Kc7 30. Ke3 Ng6 31. Ke4 Ne5 32. Kf5
Nxc4 33. bxc4 Kd6 34. Kg6 Ke5 35. Kxg7 f5 36. Kxh6 f4 37. Kg5 f3 38. h4 f2 39.
h5 f1=Q 40. h6 Qg2+ 41. Kh5 Kf5 42. h7 Qh2#  0-1

[Event "1. OEsterreichische Internet Schach Meisterschaft - Vorrunde 1"]
[Site "Online - Playchess.com"]
[Date ""]
[Round "4"]
[Board "79"]
[White "Gall, Bernhard"]
[Black "Buchner, Martin"]
[Result "1/2-1/2"]
[WhiteElo "1244"]
[BlackElo "2055"]
[PlyCount "103"]
[EventDate "2020.04.11"]
[EventRounds "9"]
[EventCountry "AUT"]

1. e4 e6 2. d4 d5 3. exd5 exd5 4. Nc3 Nf6 5. Nf3 c6 6. Bg5 Bd6 7. Be2 O-O 8.
O-O Bf5 9. Bd3 Bxd3 10. Qxd3 Nbd7 11. Rfe1 Qc7 12. g3 Rfe8 13. Rxe8+ Rxe8 14.
Re1 Qd8 15. Qd2 Bb4 16. a3 Ba5 17. b4 Bc7 18. Bf4 Rxe1+ 19. Qxe1 Bxf4 20. gxf4
Qe8 21. Qxe8+ Nxe8 22. Ne2 Nef6 23. Ng3 Ne8 24. Ne5 Nxe5 25. fxe5 f6 26. exf6
Nxf6 27. Kg2 Kf7 28. Kf3 g6 29. Kf4 h6 30. h3 Ke6 31. Ke3 Ne8 32. f3 Nd6 33.
Kd3 Nc4 34. a4 Nb6 35. a5 Nc4 36. f4 c5 37. dxc5 Na3 38. Kc3 Nb5+ 39. Kd3 a6
40. Ke3 Nc7 41. Kd3 Ne8 42. Ke3 Nf6 43. Kd3 Nh5 44. Nxh5 gxh5 45. h4 Kf5 46.
Ke3 Kg4 47. c3 Kf5 48. Kf3 Kf6 49. Kg3 Kf5 50. Kf3 Kf6 51. Kg3 Kf5 52. Kf3
 1/2-1/2

[Event "1. OEsterreichische Internet Schach Meisterschaft - Vorrunde 1"]
[Site "Online - Playchess.com"]
[Date ""]
[Round "4"]
[Board "80"]
[White "Steirer, Gerhard"]
[Black "Kubik, Gerhard"]
[Result "1-0"]
[WhiteElo "1854"]
[BlackElo "1985"]
[PlyCount "93"]
[EventDate "2020.04.11"]
[EventRounds "9"]
[EventCountry "AUT"]

1. e4 g6 2. d4 Bg7 3. Nc3 c5 4. Be3 Qa5 5. Nf3 Nf6 6. e5 Ne4 7. Bd2 Nxc3 8.
Bxc3 Qc7 9. d5 d6 10. Bb5+ Bd7 11. Qe2 O-O 12. Bxd7 Nxd7 13. e6 Bxc3+ 14. bxc3
fxe6 15. Qxe6+ Kg7 16. O-O Nf6 17. Ng5 Rae8 18. Qe2 Qa5 19. Ne6+ Kg8 20. Nxf8
Kxf8 21. c4 Qc3 22. f4 Nh5 23. f5 Kg7 24. Rae1 Qd4+ 25. Kh1 Qh4 26. Qf3 gxf5
27. Re6 f4 28. Kg1 Qg5 29. Qc3+ Kg8 30. Qf3 Rf8 31. Rfe1 Rf7 32. Qe2 Qh4 33.
Qf3 Ng3 34. hxg3 fxg3 35. Kf1 Qh1+ 36. Ke2 Qh4 37. Qe3 Qxc4+ 38. Qd3 Qg4+ 39.
Kd2 Qf4+ 40. Qe3 Qc4 41. Rxe7 Qxd5+ 42. Kc1 Rf2 43. Re8+ Kg7 44. Qc3+ Kg6 45.
R8e6+ Kf7 46. Re7+ Kg6 47. Qxg3+ {Zeit}  1-0

[Event "1. OEsterreichische Internet Schach Meisterschaft - Vorrunde 1"]
[Site "Online - Playchess.com"]
[Date ""]
[Round "4"]
[Board "81"]
[White "Katter, Katharina"]
[Black "Tischler, Michel"]
[Result "0-1"]
[WhiteElo "1930"]
[BlackElo "1517"]
[PlyCount "48"]
[EventDate "2020.04.11"]
[EventRounds "9"]
[EventCountry "AUT"]

1. d4 Nf6 2. Nf3 e6 3. e3 b6 4. c4 Bb7 5. Nc3 Bb4 6. a3 Bxc3+ 7. bxc3 Ne4 8.
Qc2 O-O 9. Bd3 f5 10. O-O d6 11. a4 a5 12. Ba3 Nd7 13. Nd2 Nxd2 14. Qxd2 Rf6
15. Be2 Rg6 16. d5 Qg5 17. Bf3 Ne5 18. Qe2 Re8 19. Rfd1 exd5 20. cxd5 f4 21. e4
Ba6 22. Rd3 Bxd3 23. Qd1 Nxf3+ 24. Qxf3 Bxe4 {Weirdo1 gibt auf}  0-1

[Event "1. OEsterreichische Internet Schach Meisterschaft - Vorrunde 1"]
[Site "Online - Playchess.com"]
[Date ""]
[Round "4"]
[Board "82"]
[White "Schroettner, Tobias Julian"]
[Black "Griessnig, Thomas"]
[Result "1-0"]
[WhiteElo "1503"]
[BlackElo "1895"]
[PlyCount "65"]
[EventDate "2020.04.11"]
[EventRounds "9"]
[EventCountry "AUT"]

1. e4 e6 2. d4 d5 3. exd5 exd5 4. Nf3 Nc6 5. Bd3 Bg4 6. c3 Bd6 7. Bg5 Nge7 8.
Nbd2 Qd7 9. Qc2 O-O-O 10. O-O-O f6 11. Bh4 g5 12. Bg3 h5 13. Rde1 Nf5 14. Bxd6
Nxd6 15. h3 Bf5 16. Re2 Bxd3 17. Qxd3 Rde8 18. Rhe1 g4 19. Ng1 f5 20. hxg4 hxg4
21. Nb3 b6 22. Nd2 Kb8 23. f3 Rh2 24. fxg4 fxg4 25. Rxe8+ Nxe8 26. Qg3 Rh1 27.
Ne2 Rxe1+ 28. Qxe1 Nd6 29. Nf4 Qf5 30. g3 Ne4 31. Nf1 Na5 32. Ne3 Qe6 33. Nxe6
 1-0

[Event "1. OEsterreichische Internet Schach Meisterschaft - Vorrunde 1"]
[Site "Online - Playchess.com"]
[Date ""]
[Round "4"]
[Board "86"]
[White "Kipman, Felix"]
[Black "Nyenstad, Martin"]
[Result "1-0"]
[WhiteElo "1576"]
[BlackElo "800"]
[PlyCount "63"]
[EventDate "2020.04.11"]
[EventRounds "9"]
[EventCountry "AUT"]

1. e4 e5 2. Nf3 Nc6 3. Bc4 Nf6 4. d3 Bc5 5. c3 O-O 6. Bg5 h6 7. Bh4 Na5 8. Nxe5
Nxc4 9. Nxc4 g5 10. Bg3 Ng4 11. Qxg4 Qf6 12. O-O d6 13. Qh5 Qg6 14. Qf3 Be6 15.
Nbd2 d5 16. exd5 Bd7 17. Qe4 Bf5 18. Qe5 Rae8 19. Qxc7 Bxd3 20. Rfe1 f5 21. h3
f4 22. Bh2 f3 23. Qxc5 fxg2 24. d6 Qf6 25. Qd5+ Qf7 26. Qxf7+ Rxf7 27. Rxe8+
Rf8 28. d7 Bg6 29. Rae1 Bxe8 30. Rxe8 Rxe8 31. dxe8=Q+ Kg7 32. Be5+ {Zeit}  1-0

[Event "1. OEsterreichische Internet Schach Meisterschaft - Vorrunde 1"]
[Site "Online - Playchess.com"]
[Date ""]
[Round "5"]
[Board "1"]
[White "Lichtl, Erich"]
[Black "Ragger, Markus"]
[Result "0-1"]
[WhiteElo "2096"]
[BlackElo "2679"]
[PlyCount "56"]
[EventDate "2020.04.11"]
[EventRounds "9"]
[EventCountry "AUT"]

1. b3 Nf6 2. Bb2 g6 3. Bxf6 exf6 4. c4 d5 5. cxd5 Qxd5 6. Nc3 Qa5 7. a3 Bg7 8.
b4 Qe5 9. e3 O-O 10. d4 Qe7 11. Nf3 c6 12. Be2 Rd8 13. O-O Nd7 14. Re1 Nb6 15.
Qc2 f5 16. Rad1 a5 17. Rb1 axb4 18. axb4 Be6 19. b5 c5 20. Ra1 Rac8 21. Qb2 f4
22. Na4 Nxa4 23. Rxa4 fxe3 24. fxe3 Bd5 25. Bd1 Bxf3 26. Bxf3 cxd4 27. b6 d3
28. Ra7 Bxb2  0-1

[Event "1. OEsterreichische Internet Schach Meisterschaft - Vorrunde 1"]
[Site "Online - Playchess.com"]
[Date ""]
[Round "5"]
[Board "2"]
[White "Hofmann, Thomas"]
[Black "Halvax, Georg"]
[Result "0-1"]
[WhiteElo "2215"]
[BlackElo "2416"]
[PlyCount "54"]
[EventDate "2020.04.11"]
[EventRounds "9"]
[EventCountry "AUT"]

1. d4 d5 2. c4 e6 3. Nc3 Bb4 4. a3 Bxc3+ 5. bxc3 c5 6. f3 Qc7 7. cxd5 exd5 8.
e3 Nf6 9. Bb5+ Bd7 10. Bxd7+ Nbxd7 11. Ne2 O-O 12. O-O Rfe8 13. Kh1 Nb6 14. Ng3
Nc4 15. Qd3 Rad8 16. Ra2 b6 17. Re2 h5 18. e4 cxd4 19. cxd4 dxe4 20. fxe4 Ne5
21. Qe3 Neg4 22. Qg1 h4 23. Nf5 Rxe4 24. Rxe4 Nxe4 25. Nxh4 Qg3 26. Be3 Qxh4
27. Rf4 Ng3#  0-1

[Event "1. OEsterreichische Internet Schach Meisterschaft - Vorrunde 1"]
[Site "Online - Playchess.com"]
[Date ""]
[Round "5"]
[Board "3"]
[White "Peyrer, Konstantin"]
[Black "Froewis, Georg"]
[Result "1-0"]
[WhiteElo "2265"]
[BlackElo "2457"]
[PlyCount "145"]
[EventDate "2020.04.11"]
[EventRounds "9"]
[EventCountry "AUT"]

1. e4 d5 2. exd5 Qxd5 3. Nf3 Nc6 4. d4 Bg4 5. Be2 Nf6 6. c4 Qd8 7. Nc3 e6 8.
Be3 Be7 9. O-O O-O 10. h3 Bh5 11. Qb3 Qc8 12. Rfd1 Rd8 13. Rac1 Nb8 14. g4 Bg6
15. Ne5 Nbd7 16. Bf3 c6 17. Nxg6 hxg6 18. d5 Nc5 19. Qc2 cxd5 20. cxd5 e5 21.
d6 Rxd6 22. Rxd6 Bxd6 23. Nb5 Bf8 24. Bxc5 Qd7 25. Bxf8 Qxb5 26. Be7 Re8 27.
Bxf6 gxf6 28. Qb3 Qxb3 29. axb3 e4 30. Be2 Re7 31. Rc8+ Kg7 32. b4 f5 33. gxf5
gxf5 34. f4 exf3 35. Bxf3 Re3 36. Bxb7 Rb3 37. Bd5 Rxb4 38. b3 a5 39. Ra8 Rb5
40. Bc4 Rc5 41. Ra7 Kg6 42. Kg2 Kg5 43. Kg3 Re5 44. Rxf7 Re3+ 45. Kg2 Kf4 46.
h4 Rg3+ 47. Kf2 Rh3 48. Be6 Rxh4 49. Rxf5+ Ke4 50. Rxa5 Kd3 51. Bc4+ Kc3 52.
Rg5 Rf4+ 53. Ke3 Rf8 54. Rc5 Re8+ 55. Be6+ Kb4 56. Re5 Re7 57. Kd4 Re8 58. Bc4
Rd8+ 59. Rd5 Rb8 60. Kd3 Rb7 61. Rd4 Rb8 62. Bf7+ Kc5 63. Kc3 Rb7 64. Bd5 Rd7
65. Rc4+ Kb6 66. Be4 Rh7 67. b4 Rh3+ 68. Bd3 Rg3 69. Rc5 Rg4 70. Rf5 Rg3 71. b5
Ka5 72. Rf6 Rg6 73. Ra6+  1-0

[Event "1. OEsterreichische Internet Schach Meisterschaft - Vorrunde 1"]
[Site "Online - Playchess.com"]
[Date ""]
[Round "5"]
[Board "4"]
[White "Breneis, Lukas"]
[Black "Schnider, Gert"]
[Result "1-0"]
[WhiteElo "2257"]
[BlackElo "2423"]
[PlyCount "61"]
[EventDate "2020.04.11"]
[EventRounds "9"]
[EventCountry "AUT"]

1. e4 e5 2. Nc3 Nf6 3. f4 d5 4. fxe5 Nxe4 5. d3 Nxc3 6. bxc3 c5 7. Nf3 Nc6 8.
Be2 Be7 9. O-O Be6 10. Qe1 h6 11. Rb1 Qd7 12. Ba3 d4 13. c4 Qc7 14. Qg3 g5 15.
Rb5 b6 16. h3 Rg8 17. Bc1 Nb4 18. Rxb4 cxb4 19. Nxd4 Bc5 20. Be3 Bxd4 21. Bxd4
O-O-O 22. Be3 Rg6 23. Bh5 Rg7 24. Bf3 Rgg8 25. Be4 Rd7 26. Rb1 f5 27. Bd5 f4
28. Qf3 Bxd5 29. cxd5 fxe3 30. d6 Qxc2 31. Qa8#  1-0

[Event "1. OEsterreichische Internet Schach Meisterschaft - Vorrunde 1"]
[Site "Online - Playchess.com"]
[Date ""]
[Round "5"]
[Board "5"]
[White "Rieger, Robert"]
[Black "Meier, Alexander"]
[Result "1-0"]
[WhiteElo "2307"]
[BlackElo "2226"]
[PlyCount "84"]
[EventDate "2020.04.11"]
[EventRounds "9"]
[EventCountry "AUT"]

1. e4 c5 2. Nf3 Nc6 3. d4 cxd4 4. Nxd4 g6 5. Nc3 Bg7 6. Be3 Nf6 7. Bc4 O-O 8.
Bb3 d6 9. f3 Bd7 10. Qd2 Nxd4 11. Bxd4 b5 12. a4 a6 13. axb5 axb5 14. O-O Qc7
15. g3 b4 16. Rxa8 Rxa8 17. Na2 Ba4 18. Bxa4 Rxa4 19. Nxb4 Qc4 20. Bc3 Nd7 21.
Bxg7 Kxg7 22. c3 Ne5 23. Kg2 Nc6 24. Qd5 Qxd5 25. Nxd5 e6 26. Ne3 Ne5 27. Rd1
Ra2 28. Rd2 Kf6 29. f4 Nd7 30. e5+ dxe5 31. Rxd7 Rxb2+ 32. Kf3 exf4 33. gxf4 h5
34. Nc4 Rc2 35. Ne5 Rxc3+ 36. Ke4 Kg7 37. Rxf7+ Kh6 38. Rf6 Rh3 39. Rxg6+ Kh7
40. Rg2 Rb3 41. Nf7 Rb5 42. Ng5+ Kh6 {Lawatsch gibt auf}  1-0

[Event "1. OEsterreichische Internet Schach Meisterschaft - Vorrunde 1"]
[Site "Online - Playchess.com"]
[Date ""]
[Round "5"]
[Board "6"]
[White "Mostbauer, Maximilian"]
[Black "Sulzbacher, Michael"]
[Result "0-1"]
[WhiteElo "2217"]
[BlackElo "2018"]
[PlyCount "84"]
[EventDate "2020.04.11"]
[EventRounds "9"]
[EventCountry "AUT"]

1. d4 d6 2. Nf3 g6 3. g3 Bg7 4. Bg2 Nd7 5. O-O Ngf6 6. b3 O-O 7. Bb2 h6 8. Nbd2
Kh7 9. c4 Ng8 10. e4 e5 11. d5 b6 12. Ne1 f5 13. Nd3 Ndf6 14. Qe2 Bd7 15. f4
exf4 16. Nxf4 Re8 17. Rae1 Ng4 18. Bxg7 Kxg7 19. h3 Ne5 20. exf5 Bxf5 21. Ne6+
Bxe6 22. dxe6 Rxe6 23. Bxa8 Qxa8 24. Qf2 Qe8 25. Re3 Ne7 26. g4 g5 27. Nf3 N7g6
28. Nd4 Nf4 29. Nxe6+ Qxe6 30. Rfe1 Qf6 31. Kh2 Kg6 32. Qc2+ Kg7 33. Qf5 Qxf5
34. gxf5 Kf6 35. Rc1 Kxf5 36. b4 Nfd3 37. Rf1+ Nf4 38. c5 d5 39. cxb6 cxb6 40.
h4 Ng4+ 41. Kg3 Nxe3 42. Rc1 Ne2+ {Zeit}  0-1

[Event "1. OEsterreichische Internet Schach Meisterschaft - Vorrunde 1"]
[Site "Online - Playchess.com"]
[Date ""]
[Round "5"]
[Board "7"]
[White "Frank, Paul"]
[Black "Knoll, Martin"]
[Result "1-0"]
[WhiteElo "2210"]
[BlackElo "2018"]
[PlyCount "47"]
[EventDate "2020.04.11"]
[EventRounds "9"]
[EventCountry "AUT"]

1. Nf3 f5 2. g3 Nf6 3. Bg2 g6 4. O-O Bg7 5. d4 O-O 6. b3 c6 7. Bb2 d6 8. c4
Nbd7 9. Qc2 Qe8 10. Nbd2 e5 11. dxe5 dxe5 12. e4 Nc5 13. Nxe5 Nfxe4 14. Nxe4
Nxe4 15. f4 Qd8 16. Rad1 Qb6+ 17. Bd4 Qc7 18. Rfe1 Nf6 19. Bc5 Rd8 20. Rxd8+
Qxd8 21. Rd1 Qc7 22. Bd6 Qb6+ 23. c5 Qa5 24. Qc4+ {Knohly gibt auf}  1-0

[Event "1. OEsterreichische Internet Schach Meisterschaft - Vorrunde 1"]
[Site "Online - Playchess.com"]
[Date ""]
[Round "5"]
[Board "8"]
[White "Freitag, Manfred"]
[Black "Wohlfahrt, Herbert"]
[Result "1-0"]
[WhiteElo "2356"]
[BlackElo "2285"]
[PlyCount "65"]
[EventDate "2020.04.11"]
[EventRounds "9"]
[EventCountry "AUT"]

1. e4 c5 2. Nf3 e6 3. d4 cxd4 4. Nxd4 a6 5. c4 Qc7 6. Nc3 Nf6 7. Be2 d6 8. f4
Be7 9. O-O Nbd7 10. b4 b6 11. Bb2 Bb7 12. Qd3 O-O 13. Rac1 Rfe8 14. a3 Rac8 15.
g4 e5 16. Nf5 exf4 17. Nd5 Bxd5 18. cxd5 Qd8 19. Rxc8 Qxc8 20. g5 Nxe4 21. Bg4
Bf8 22. Qd4 Nxg5 23. Nh6+ Kh8 24. h4 Re4 25. Nxf7+ Kg8 26. Nh6+ Kh8 27. Nf7+
Kg8 28. Nxg5 Rxd4 29. Be6+ Kh8 30. Nf7+ Kg8 31. Nxd6+ Kh8 32. Nxc8 Rd2 33. Bc1
{Herbie2017 gibt auf}  1-0

[Event "1. OEsterreichische Internet Schach Meisterschaft - Vorrunde 1"]
[Site "Online - Playchess.com"]
[Date ""]
[Round "5"]
[Board "9"]
[White "Schwabeneder, Florian"]
[Black "Dietmayer-Kraeutler, Marco"]
[Result "1-0"]
[WhiteElo "2431"]
[BlackElo "2284"]
[PlyCount "73"]
[EventDate "2020.04.11"]
[EventRounds "9"]
[EventCountry "AUT"]

1. e4 d5 2. exd5 Qxd5 3. Nc3 Qa5 4. Bc4 Nf6 5. d3 c6 6. Bd2 Qc7 7. h3 Bf5 8.
Qe2 e6 9. Nf3 Nbd7 10. a4 h6 11. O-O Bd6 12. Ne4 Be7 13. Rfe1 O-O 14. b4 Nd5
15. b5 N7b6 16. Bb3 Rfd8 17. Ng3 Bh7 18. Ne5 Bf6 19. Nh5 Bxe5 20. Qxe5 Qxe5 21.
Rxe5 Nd7 22. Ree1 Nc5 23. Bc4 Nb6 24. Be3 Ncxa4 25. bxc6 Nxc4 26. cxb7 Rab8 27.
Bxa7 Rxb7 28. Rxa4 Nb2 29. Ra2 Rc8 30. Bd4 Bg6 31. Nxg7 Rb4 32. Bxb2 Rxc2 33.
Ra8+ Kh7 34. Be5 Rb5 35. Ne8 h5 36. Nd6 Rd5 37. Rh8#  1-0